El parlamento de las aves / (Record no. 52104)

MARC details
000 -LEADER
campo de control de longitud fija 00489nam a2200157 i 4500
001 - NÚMERO DE CONTROL
campo de control 52104
003 - IDENTIFICADOR DE NÚMERO DE CONTROL
campo de control ES-MaACL
007 - CAMPO FIJO DE DESCRIPCIÓN FÍSICA--INFORMACIÓN GENERAL
campo de control de longitud fija t|
008 - DATOS DE LONGITUD FIJA--INFORMACIÓN GENERAL
campo de control de longitud fija 030825s1982 sp ||||1| spa d
100 1# - ENTRADA PRINCIPAL--NOMBRE DE PERSONA
Nombre de persona Chaucer, Geoffrey.
9 (RLIN) 38193
245 13 - MENCIÓN DEL TÍTULO
Título El parlamento de las aves /
Mención de responsabilidad, etc. Geoffrey Chaucer ; estudio crítico y traducción Luis Costa Palacios.
260 ## - PUBLICACIÓN, DISTRIBUCIÓN, ETC.
Lugar de publicación, distribución, etc. [Córdoba :
Nombre del editor, distribuidor, etc. Astur,
Fecha de publicación, distribución, etc. 1982]
300 ## - DESCRIPCIÓN FÍSICA
Extensión 136 p. ;
Dimensiones 21 cm.
700 1# - ENTRADA AGREGADA--NOMBRE PERSONAL
Nombre de persona Costa Palacios, Luis.
9 (RLIN) 41108
852 ## - LOCALIZACIÓN
Ubicación ES-MaACL
Número de control de estantería L-3716
Sublocalización o colección R.104467
Holdings
Estatus retirado Estado de pérdida Estado de daño No para préstamo Biblioteca de origen Biblioteca actual Ubicación en estantería Fecha de adquisición Fuente de adquisición Total de préstamos Signatura topográfica completa Código de barras Visto por última vez Precio de reemplazo Tipo de ítem Koha
        Biblioteca del Ateneo de Madrid Biblioteca del Ateneo de Madrid Depósito 2 17/01/2008     L-3716 1054779 23/02/2023 23/02/2023 Libro impreso